| 000 | 00960nam a22002172i 4500 | ||
|---|---|---|---|
| 001 | 162700 | ||
| 003 | ES-MaACL | ||
| 005 | 20230906212601.0 | ||
| 008 | 930505s1882 sp |||| | spa d | ||
| 040 |
_aCAT _bspa _cCAT _dCCPB |
||
| 043 | _ae-sp | ||
| 100 | 1 |
_aPuig y Boronat, Jose. _9131417 |
|
| 245 | 1 | 0 |
_aVelada artístico-literaria celebrada en honor de Santa Teresa de Jesús la noche del 17 de octubre de 1882 / _cdiscurso leído por el socio José Puig y Boronat. |
| 260 |
_aValencia : _b[s.n.], _c1882 ( _fImpr. de Manuel Alufre) |
||
| 300 |
_a26 p. ; _c23 cm. |
||
| 594 | _aEn la parte sup. de la port.: Ateneo de Valencia. | ||
| 600 | 0 | 4 |
_aTeresa de Jesús, _cSanta, _d1515-1582- _xCrítica e interpretación _9109738 |
| 710 | 2 |
_aAteneo Científico-Literario de Valencia. _9170945 |
|
| 852 |
_aES-MaACL _jT-352-F-22 _z-- Enc. hol., falto de la cub. original _z-- Enc. con otras obras formando un vol. facticio |
||
| 999 |
_c162700 _d162700 |
||